| 000 | 01021nam a2200229Ia 4500 | ||
|---|---|---|---|
| 001 | L230-5974 | ||
| 003 | IT-CnALBA | ||
| 008 | 170116s9999||||xx |||||||||||||| ||und|| | ||
| 040 |
_aIT-CnALBA _cIT-CnALBA |
||
| 041 | _aITALIANO | ||
| 100 | _aPARENTE PIETRO, CARDINALE | ||
| 245 | 0 | _aDIZIONARIO DI TEOLOGIA DOGMATICA. | |
| 250 | _a2a ed. | ||
| 260 |
_aBERLINO _bAUSLER E RUTHARDT _c1945 [1° Ed.:1943 - Ed.Ling.Originale: 1943] |
||
| 300 | _a284 p. (prefazione: 7) | ||
| 500 | _aCONCILI ECUMENICI. DIZIONARIO DI TEOLOGIA DOGMATICA. RIVISTE TEOLOGICHE. SINTESI DELLA DOGMATICA. ELENCO DELLE VOCI. SCHEMA DI STORIA DELLA TEOLOGIA DOGMATICA. | ||
| 501 | _aSocietà San Paolo EM - Piazza San Paolo, 14 - 12051 ALBA (CN) (non commercial uses only) ® Copyright 2017 | ||
| 520 | _aCONCILI ECUMENICI. DIZIONARIO DI TEOLOGIA DOGMATICA. RIVISTE TEOLOGICHE. SINTESI DELLA DOGMATICA. ELENCO DELLE VOCI. SCHEMA DI STORIA DELLA TEOLOGIA DOGMATICA. | ||
| 650 | _aDOGMATICA CRISTIANA | ||
| 942 | _cBK | ||
| 957 | _71 | ||
| 999 |
_a6950 _bSI _g Copie: 1 _c265156 _d265156 |
||